Austria States Quiz - Statistics

General Stats
  • This quiz has been taken 58 times
  • The average score is 8 of 9
Answer Stats
Capital State % Correct
______ Vienna
97%
Innsbruck Tyrol
95%
Sankt Pölten Lower Austria
90%
Linz Upper Austria
90%
Graz Styria
85%
______ Salzburg
79%
Klagenfurt Carinthia
77%
Eisenstadt Burgenland
74%
Bregenz Vorarlberg
74%
No matching quizzes found
Score Distribution
Percent of People with Each Score
Percentile by Number Answered
Your Score History
You have not taken this quiz